000 01173nam2a22002651 4500
001 RU\NLR\INFOCOMM10\1000270037
005 20250617123514.0
035 _a(NLR Aleph) 002605432
090 _a3482244
_c3482244
100 _a20040729d1966 |||y0rusy50 ca
101 0 _arus
102 _aRU
105 _ay |||||||||
200 1 _aЗажимной элемент приспособления для крепления деталей по необработанной поверхности
_fП.С. Кузьмин
210 _d1966
_aБ. м.
225 1 _aТема 6
_vВып.107
461 0 _1001RU\NLR\INFOCOMM10\1000264961
_12001#$aПередовой научно-технический и производственный опыт$fГос. Ком. Совета Министров РСФСР по координации науч.-исслед. работ. Гос. Науч.-исслед. ин-т науч. и техн. информации$v1966, №6-66-234
700 1 _aКузьмин
_bП.С.
_4070
801 1 _aRU
_bInfoComm
_c20040729
801 0 _aRU
_bNLR
_gPSBO
852 _aNLR
_jП11/2295
942 _cISSUE
980 _aNB
980 _aRUSPER